| 000 | 00555nam a2200193Ia 4500 | ||
|---|---|---|---|
| 008 | 131003t2011 xxu||||| |||| 00| 0 sin d | ||
| 041 | _asin | ||
| 080 |
_a8-31 (eng) _bHUX |
||
| 100 | _aHuxley,Aldous | ||
| 245 | _aඅසිරිමත් නව ලොව | ||
| 246 | _aAsirimath Nawa Lowa | ||
| 260 |
_aFast Publishing _aColombo _c2011 |
||
| 300 | _b382p, 21 cm | ||
| 500 | _aSinhalese translation of Aldous Huxley's of Brave New World | ||
| 700 |
_aPerera,K.A.N. _etr. |
||
| 942 | _cBK | ||
| 999 |
_c42398 _d42398 |
||
| 003 | LK-CoDNM | ||
| 040 |
_aLK-CoDNM _dLK-CoDNM _eLK-CoDNM |
||